| 000 | 00938nam a2200241 a 4500 | ||
|---|---|---|---|
| 005 | 20230331121001.0 | ||
| 008 | 991125s1971 ag 000 0 spa u | ||
| 035 | _aUPN01000020381 | ||
| 040 |
_aUPN _bspa _cUPN |
||
| 049 | _aCG | ||
| 050 | 4 |
_aQA681 _bE6.58 |
|
| 245 | 0 | 3 |
_aLa epistemología del espacio / _cV. Bang ... [et al.] ; tr. Jorge A. Sirolli. |
| 260 |
_aBuenos Aires : _bEl Ateneo, _c1971. |
||
| 300 |
_a289 p. : _bil. |
||
| 440 | 0 |
_aBiblioteca nuevas orientaciones de la educación. _pFilosofía de la educación |
|
| 500 | _a"Estudios de epistemología genética publicados con la dirección de Jean Piaget" | ||
| 534 |
_pTraducción de: _tL'episte mologie de l'espace |
||
| 650 | 4 |
_aGEOMETRIA - _xFUNDAMENTOS - _vDISCURSOS, ENSAYOS, CONFERENCIAS, ETC. |
|
| 650 | 4 |
_aLOGICA SIMBOLICA Y MATEMATICA - _vDISCURSOS, ENSAYOS, CONFERENCIAS, ETC. |
|
| 700 | 1 |
_aVinh, Bang _ecoaut. _944190 |
|
| 905 | _aLibro | ||
| 942 |
_2lcc _cLIBRO |
||
| 999 |
_c20381 _d20381 |
||